La Política báltica de la Unión Europea : el caso de Kaliningrado / Miguel Ballabriga Alea el caso de Kaliningrado / Miguel Ballabriga Alea
Descripción Física:
54 p. : il. ; 30 cm
Colección:
Documents Pi i Sunyer ; 17
MARC
| LEADER | 00000nam a2200000Ia 4500 | ||
|---|---|---|---|
| 001 | 14665 | ||
| 008 | 160829s2002 xx 000 0 cat d | ||
| 080 | |a M-4-262 | ||
| 100 | |a Ballabriga Alea, Miguel |9 20415 | ||
| 245 | |a La Política báltica de la Unión Europea : |b el caso de Kaliningrado / Miguel Ballabriga Alea | ||
| 260 | |a Barcelona : |b Fundació Carles Pi i Sunyer d'Estudis Autonòmics i Locals, |c 2002 | ||
| 300 | |a 54 p. : |b il. ; |c 30 cm | ||
| 490 | |a Documents Pi i Sunyer ; 17 | ||
| 590 | |a Notes. | ||
| 590 | |a Bibliografia | ||
| 650 | |a Unió Europea |x Relacions exteriors |x Països bàltics |9 20416 | ||
| 650 | |a Països bàltics |x Política i govern |9 20417 | ||
| 650 | 0 | |a Cooperació internacional |9 20418 | |
| 650 | |a Kaliningrad |9 20419 | ||
| 710 | 1 | |a Fundació Carles Pi i Sunyer d'Estudis Autonòmics i Locals |9 52753 | |
| 901 | |a Arxiu | ||
| 942 | |n 1 | ||
| 952 | |0 0 |1 0 |4 0 |6 M4262 |7 1 |9 41524 |a Arxiu |b Arxiu |d 2016-12-01 |l 0 |o M-4-262 |p 14665 |r 2016-12-01 00:00:00 |w 2016-12-01 |y ARXIU | ||
| 999 | |c 43414 |d 43414 | ||